000 00660nam a2200241Ia 4500
003 OSt
005 20220918204117.0
006 a|||||r|||| 00| 0
007 ta
008 220917b |||||||| |||| 00| 0 eng d
024 _a111,049
037 _cTextual
040 _aARTS
_cARTS
_beng
041 _2eng
_aeng
082 _aV495:21xM12, L4
100 _aSung Kim II
_9110771
245 0 _aOn improving the press and students education
260 _aKorea
_bForeign Language Publications
_c1974
300 _a15p. illus
_ccm.
650 _aHISTORY
942 _hV495:21xM12, L4
_cTEXL
_2CC
999 _c234398
_d234398